| 000 | 00808nam a22002297a 4500 | ||
|---|---|---|---|
| 005 | 20240530110902.0 | ||
| 008 | 220214s2010 ua g 000 0 ara d | ||
| 017 | _bمصر. دار الكتب | ||
| 020 | _a9789953823058 | ||
| 040 |
_aEG-CaGPL _cEG-CaGPL |
||
| 082 | 0 | 4 |
_221 _a321.8/ _bج ن |
| 100 | 0 | _aجمعة القماطى | |
| 245 | 1 | 2 |
_aنحو كتلة تاريخية ديمقراطية فى البلدان العربية / _cجمعة القماطى ( واخ ... ) |
| 250 | _aط. 1 | ||
| 260 |
_aبيروت : _bمركز دراسات الوحدة العربية، _c2010 |
||
| 300 |
_a302 ص. ؛ _c24 سم |
||
| 650 | 0 | 7 |
_2qrmak _aالديمقراطية |
| 651 |
_2qrmak _aالدول العربية |
||
| 651 | _2qrmak | ||
| 942 |
_2ddc _cBK |
||
| 999 |
_c66155 _d66155 |
||